| 000 | 00000nam##2200000za#4500 |
| 001 | 9.696768 |
| 003 | CaOODSP |
| 005 | 20210624235201 |
| 007 | cr ||||||||||| |
| 008 | 150407|2005||||xxc|||||o f|0| 0 eng|d |
| 040 | |aCaOODSP|beng |
| 043 | |an-cn--- |
| 086 | 1 |aH174-38/2008E-PDF |
| 110 | 1 |aCanada.|bHealth Council of Canada. |
| 245 | 10|aSustainability in public health care - what does it mean? : |h[electronic resource]|ba panel discussion report / |cprepared by Lillian Bayne and Associates. |
| 260 | |aToronto - Ontario : |bHealth Council of Canada |cJuly 2008. |
| 300 | |a8p. |
| 590 | |a12-40-Supp|b2012-10-23 |
| 690 | 07|aHealth care system|2gcpds |
| 690 | 07|aSustainable development|2gcpds |
| 775 | 08|tViabilité du système de santé publique - que signifie ce terme? : |w(CaOODSP)9.640876 |
| 856 | 40|ahttp://publications.gc.ca|qPDF|s67 KB|uhttps://publications.gc.ca/collections/collection_2012/ccs-hcc/H174-38-2008-eng.pdf |